U.S. Cities by Picture - Multiple Choice #3 - Statistics

General Stats
  • This quiz has been taken 20 times
  • The average score is 6 of 10
Answer Stats
Question Answer % Correct
St. Louis
100%
San Antonio
78%
Charleston (SC)
72%
Denver
72%
Orlando
61%
Portland (OR)
56%
Philadelphia
50%
Cleveland
28%
Dallas
22%
Detroit
17%
No matching quizzes found
Score Distribution
Percent of People with Each Score
Percentile by Number Answered
Your Score History
You have not taken this quiz